Guess the KPop artist by song (2022 Edition) - Statistics

General Stats
  • This quiz has been taken 658 times
    459 since last reset
  • The average score is 15 of 25
Answer Stats
Song Group/Singer % Correct
Ditto NewJeans
97%
Shut Down Blackpink
95%
Tomboy (G)I-dle
95%
Love Dive Ive
91%
Fearless Le Sserafim
91%
O.O NMIXX
87%
Talk that Talk Twice
85%
Good boy gonna bad TXT
82%
Blessed-Cursed Enhypen
81%
Girls aespa
66%
Yet to come BTS
66%
Poppy StayC
57%
Forever 1 Girls' Generation
54%
We Fresh Kep1er
54%
Step Back GOT the Beat
52%
The Astronaut Jin
52%
Birthday Red Velvet
48%
Glitch Mode NCT Dream
44%
Beautiful Monster StayC
41%
Ring my bell Billlie
28%
Smartphone Yena
26%
Yummy Yummy Love Momoland
23%
Animal Farm Bibi
19%
Fire EXID
10%
Villain Pixy
10%
No matching quizzes found
Score Distribution
Percent of People with Each Score
Percentile by Number Answered
Your Score History
You have not taken this quiz since the last reset